000 01340nam a22002777a 4500
005 20170420110612.0
008 140714b xxu||||| |||| 00| 0 Urdu d
010 _aUR-149 B-548057-060 B-665998
020 _c250.00
035 _aU-149 B-548057-060 B-665998
037 _bBPPD/Pub/Ven
037 _bKK.Publications
040 _aDPL
_bUrdu
082 _a615.53
100 _aڈ ا کٹرمحمد شميم خا ن
245 _aر ہبر معا لجا ت
_cڈ ا کٹرمحمد شميم خا ن
246 _aRahbar -e- Moalijat/
_bbyDr.Mohd. Shamim Khan
260 _bIdara Kitab-US-Shifa
_c2014
_aNew Delhi
260 _bk.K.P. (Vender)
270 _a2075,Ist Floor ,Masjid Mazar Wali ,Nahar Khan Street,Kucha Chelan Darya Ganj
_bNew Delhi
_e110002
_k23283494,9312273887
270 _a 4806/24,Bharat Ram Road ,Dariya Ganj,
_bNew Delhi (Vender)
_e110002
_k011 64527574,Fax47340207,M:9213116968-
300 _a272ص
_c22cm (Hb)
942 _2ddc
_cUR
_h615.53
_mش م ی
999 _c87417
_d87417